| 000 | 00775cab a2200217 4500 | ||
|---|---|---|---|
| 001 | WB3408-12 | ||
| 008 | 090401t1998 xxu||||| |||| 00| 0 eng d | ||
| 035 | _a(Sirsi) u84588 | ||
| 041 | _aeng | ||
| 245 | _aEnvironmental issues | ||
| 260 | _c1998 | ||
| 350 | _a0 | ||
| 490 |
_aFinancial Times _v26 February 1998, 28(2) |
||
| 520 | _aDiscusses initiatives under discussion by the United Nations, European Commission and the International Accounting Standards Committee and the FEE Environmental Task Force to ensure better environmental accountability by companies . | ||
| 650 |
_aEnvironment _96238 |
||
| 650 | _aENVIRONMENTAL LIABILITY | ||
| 650 | _aINTERNATIONAL COOPERATION | ||
| 690 | _aENVIRONMENTAL AND LAND CONSULTANCY | ||
| 942 | _n0 | ||
| 948 | _c27/02/1998 | ||
| 999 |
_c53170 _d53170 |
||